<?xml version="1.0" encoding="UTF-8"?>
<collection xmlns="http://www.loc.gov/MARC21/slim">
 <record>
  <leader>02096pamaa2200277   4500</leader>
  <controlfield tag="001">0000049421</controlfield>
  <controlfield tag="005">20110727090000.0</controlfield>
  <datafield tag="020" ind1="0" ind2="0">
   <subfield code="a">9780321709783 / 0321709780 (pbk.) </subfield>
  </datafield>
  <datafield tag="082" ind1=" " ind2=" ">
   <subfield code="a">571.6 BEC 2012</subfield>
  </datafield>
  <datafield tag="090" ind1="0" ind2="0">
   <subfield code="a">QH581.2 </subfield>
   <subfield code="b">BEC 2012</subfield>
  </datafield>
  <datafield tag="100" ind1="1" ind2="0">
   <subfield code="a">Hardin </subfield>
  </datafield>
  <datafield tag="245" ind1="1" ind2="4">
   <subfield code="a">Becker's World of the cell  </subfield>
   <subfield code="c">Jeff Hardin, Gregory Bertoni, Lewis J. Kleinsmith.</subfield>
  </datafield>
  <datafield tag="250" ind1="0" ind2="0">
   <subfield code="a">8th ed.</subfield>
  </datafield>
  <datafield tag="260" ind1="0" ind2="0">
   <subfield code="a">Boston: </subfield>
   <subfield code="b">Benjamin Cummings, </subfield>
   <subfield code="c">2012.</subfield>
  </datafield>
  <datafield tag="300" ind1=" " ind2=" ">
   <subfield code="a">xxviii, 793p. (I-28): </subfield>
   <subfield code="b">ill. (chiefly col.); </subfield>
   <subfield code="c">28cm.</subfield>
  </datafield>
  <datafield tag="500" ind1="0" ind2="0">
   <subfield code="a">Rev. ed. of: World of the cell / Wayne M. Becker ... [et al.]. 7th ed</subfield>
  </datafield>
  <datafield tag="501" ind1="0" ind2="0">
   <subfield code="a">DSCAU</subfield>
  </datafield>
  <datafield tag="504" ind1="0" ind2="0">
   <subfield code="a">Includes bibliographical references and index</subfield>
  </datafield>
  <datafield tag="505" ind1="0" ind2="0">
   <subfield code="a">A preview of the cell -- The chemistry of the cell -- The macromolecules of the cell -- Cells and organelles -- Bioenergetics : the flow of energy in the cell -- Enzymes : the catalysts of life -- Membranes : their structure, function, and chemistry -- Transport across membranes : overcoming the permeability barrier -- Chemotrophic energy metabolism : glycolysis and fermentation -- Chemotrophic energy metabolism : aerobic respiration -- Phototrophic energy metabolism : photosynthesis -- The endomembrane system and peroxisomes -- Signal transduction mechanisms : I. electrical and synaptic signaling in neurons -- Signal transduction mechanisms : II. messengers and receptors -- Cytoskeletal systems -- Cellular movement : motility and contractility -- Beyond the cell : cell adhesions, cell junctions, and extracellular structures -- The structural basis of cellular information : dna, chromosomes, and the nucleus -- The cell cycle, dna replication, and mitosis -- Sexual reproduction, meiosis, and genetic recombination -- Gene expression: I. the genetic code and transcription -- Gene expression: II. protein synthesis and sorting -- The regulation of gene expression -- Cancer cells</subfield>
  </datafield>
  <datafield tag="650" ind1="0" ind2="0">
   <subfield code="a">Cytology </subfield>
  </datafield>
  <datafield tag="650" ind1="0" ind2="0">
   <subfield code="a">Molecular biology </subfield>
  </datafield>
  <datafield tag="650" ind1="0" ind2="0">
   <subfield code="a">Molecular Biology </subfield>
  </datafield>
  <datafield tag="650" ind1="0" ind2="0">
   <subfield code="a">Cell Physiological Phenomena </subfield>
  </datafield>
  <datafield tag="700" ind1="1" ind2="1">
   <subfield code="a">Becker, </subfield>
   <subfield code="h">Wayne M. </subfield>
  </datafield>
  <datafield tag="700" ind1="1" ind2="1">
   <subfield code="a">Kleinsmith, </subfield>
   <subfield code="h">Lewis J. </subfield>
  </datafield>
  <datafield tag="901" ind1=" " ind2=" ">
   <subfield code="u">http://www.aw-bc.com</subfield>
  </datafield>
 </record>
</collection>
